00709nam a2200241 a 4500001001300000003000900013005001700022008004100039020001100080082001300091100002700104245003800131260003600169300000900205500003500214505001600249650003000265700002700295902000800322942000700330952011500337999001500452nice12345678IN_TiNIC20260116011737.0050524s1962 lona grp 000 0 eng  ac140700a201bSIR aSircar, Prafulla Kumar aMy Two Worldsb Vicar from India. aLondonbHutchinson and Coc1962 a192p aincludes index and biblioraphy2 aIll, Index. aChristian-Biography-India1 aSircar, Prafulla Kumar bSRS cBK 001040708StackRoom-aHMIbHMId2007-07-31g1407.00l0o201 SIRp05777r2007-07-31v1407.00w2005-05-24yBK c3635d3635